000 01381nam a2200349 i 4500
001 14176
003 KOSZ 005
005 20190805114930.0
008 071027s1968 pl a f 000 0 pol
015 _aPB 1968/4749
035 _a(OCoLC)830904946
040 _aWA N
_cWA N
_dKOSZ 005/KK
041 1 _apol
_hrus
080 _a621.8-5:621.313.078
100 1 _aKlûčev, Vladimir Ivanovič.
_eAutor.
245 1 0 _aAutomatyzacja nawrotnych napędów elektrycznych :
_bmechanizmy dźwigowo-transportowe /
_cW. I. Kluczew ; tłumaczenie Andrzej Smirnow.
246 1 _iTytuł oryginału:
_aAvtomatizaciâ reversivnyh elektroprivodov :
_bpod''emnotransportnye mašiny.
260 _aWarszwa :
_bWydawnictwa Naukowo-Techniczne,
_c1968.
300 _a127, [1] stron :
_bilustracje ;
_c23 cm.
336 _2rdacontent
_aTekst
_btxt
337 _2rdamedia
_aBez urządzenia pośredniczącego
_bn
338 _2rdacarrier
_aWolumin
_bnc
380 _aKsiążki.
504 _aBibliografia na stronach 127-128.
658 _aInżynieria i technika
650 4 _aDźwignice
650 4 _aNapęd elektryczny
700 1 _aSmirnow, Andrzej
_d(1938- )
_eTłumaczenie
710 2 _aWydawnictwa Naukowo-Techniczne
_4pbl.
856 _uhttp://koha.tu.koszalin.pl/cgi-bin/koha/opac-detail.pl?biblionumber=14176
_yKatalog online BPK
942 _2UKD
_cKS
999 _c14176
_d14176